000 00655nam a2200193 i 4500
001 23004
003 ES-MaACL
005 20230906152809.0
007 t|
008 021205s1934 sp ||||1| spa d
100 1 _aAlvarez Ullán, Emilio.
_920981
245 1 3 _aEl aceite de oliva como alimento y condimento /
_cpor Emilio Álvarez Ullán.
260 _a[Madrid :
_bs.n.,
_c1934] (
_fUnión Poligráfica)
300 _a66 p. ;
_c23 cm.
594 _aPrecede al tít.: Asociación Nacional de Olivareros de España.
650 _aAceite de oliva.
_99580
710 2 _aAsociación Nacional de Olivareros de España.
_91763
852 _aES-MaACL
_j1852-F-4
999 _c23004
_d23004